00884 a2200397 4500000002100000001000700021005001700028008004100045010000500086020000500091082001600096100005400112110000500166245010200171250000500273260002700278300001600305490000700321500002300328600000500351610000500356611000500361630000500366650000500371651000500376654000500381700003000386700002700416710000900443711000500452720000500457730000500462740000500467752000500472856000900477BKB 07211520200902151139.0  a a a333.7bH19H1 aHandbook of natural resource and energy economics a1 aHandbook of natural resource and energy economicscedited by Allen V. Kneese and James L. Sweeney a aBostonbElsevierc2006 a2v. (755p.) av a6938 v.1; 6939 v.2 a a a a a a a aKneese, Allen V., ed.bc1 aSweeney, james L., ed. abc a a a a a adf